00813nam a2200205Ia 4500008004100000040003800041041000800079084000900087100003700096245010100133260002900234300002700263336002900290337003300319338002800352502010300380942005400483942005500537999001500592250912t1981||||xx |||||||||||||| ||spa|| agtgcuscobspacgtgcuscodgtgcusco aspa aT709 aVizcaíno Prado, Enrique918368 0aAlgunos rasgos del empleo de porcelana fundida a metal (un enfoque sobre aspectos económicos). aGuatemala :bUSAC,c1981 a64 p. :bil. :c27 cm. atextobtxt2rdacontenido aSin mediaciónbn2rdamedio avolumenbnc2rdasoporte aTesis (Cirujano Dentista) -- Universidad de San Carlos de Guatemala, Facultad de Odontología. -- aBiblioteca Facultad de OdontologíacTESISkT709 aODONTObODONTOcTesisi10-H-s.n.oT709pT00000741  c9434d9434